000 00478nam a2200193Ia 4500
005 20240823013330.0
008 240823s9999||||xx |||||||||||||| ||und||
020 _a9814-12-679-9
041 _aENGLISH
082 _A621.3191 P3
100 _aArrillaga J
245 0 _aComputer Modelling of Electrical Power Systems
250 _a2nd
260 _c2003
_b"John Wiley,New"
500 _aTRANSFERED
650 _aPower System
_bElectrical
942 _cBK
999 _c166945
_d166945